[Event "IV Festival A"]
[Site "Montecatini Terme ITA"]
[Date "1995.07.??"]
[Round "1"]
[White "Leoncini, Mario"]
[Black "Rigo, Gianfrancesco"]
[Result "1-0"]
[WhiteElo "2200"]
[BlackElo "1894"]
[PlyCount "99"]
[EventDate "1995.07.29"]

1. e4 e6 2. d4 d5 3. Nc3 Bb4 4. e5 c5 5. a3 Bxc3+ 6. bxc3 Ne7 7. Qg4 Qc7 8.
Qxg7 Rg8 9. Qxh7 cxd4 10. Ne2 Nbc6 11. f4 Bd7 12. Qd3 dxc3 13. Qxc3 O-O-O 14.
Rb1 Nf5 15. Rg1 Ncd4 16. Qxc7+ Kxc7 17. c3 Nc2+ 18. Kf2 d4 19. cxd4 Ncxd4 20.
Nxd4 Nxd4 21. Be3 Bc6 22. Rb2 a5 23. g4 b5 24. Rg3 a4 25. Bg2 Bxg2 26. Kxg2 Kc6
27. Bf2 Nb3 28. Rc2+ Kb7 29. h3 Rc8 30. Rgc3 Rxc3 31. Rxc3 Rc8 32. Rxc8 Kxc8
33. Be1 Nc1 34. Kf3 Nd3 35. Bc3 Kd8 36. Ke3 Nc5 37. h4 Ke8 38. h5 Na6 39. Kd4
Kf8 40. Ba5 Kg7 41. f5 Nb8 42. f6+ Kh7 43. Kc5 Nd7+ 44. Kd6 Nb8 45. Kc7 Na6+
46. Kb6 Nb8 47. Kxb5 Nd7 48. Bc3 Kh6 49. Bd2+ Kh7 50. Bf4 1-0

[Event "IV Festival A"]
[Site "Montecatini Terme ITA"]
[Date "1995.07.??"]
[Round "1"]
[White "Luciani, Valerio"]
[Black "Djuric, Stefan"]
[Result "0-1"]
[WhiteElo "2175"]
[BlackElo "2470"]
[PlyCount "56"]
[EventDate "1995.07.29"]

1. d4 Nf6 2. Nf3 c5 3. Bg5 Ne4 4. Bf4 cxd4 5. Qxd4 d5 6. Bxb8 Rxb8 7. Qxa7 Bd7
8. Qd4 e6 9. e3 Be7 10. c3 O-O 11. Be2 b5 12. a3 Qa5 13. Nfd2 Nd6 14. Nb3 Qc7
15. O-O Nc4 16. Ra2 Rfd8 17. Qd1 e5 18. N3d2 Bc6 19. b3 Nd6 20. Qc1 Nf5 21. c4
bxc4 22. bxc4 d4 23. e4 Nd6 24. Qc2 Nb7 25. Bd3 Nc5 26. Nf3 Rb3 27. Rd1 Rdb8
28. Qe2 Nxd3 0-1

[Event "IV Festival A"]
[Site "Montecatini Terme ITA"]
[Date "1995.07.??"]
[Round "1"]
[White "Malaniuk, Vladimir P."]
[Black "Piva, Giorgio"]
[Result "1-0"]
[WhiteElo "2580"]
[BlackElo "2190"]
[PlyCount "75"]
[EventDate "1995.07.29"]

1. d4 d5 2. c4 dxc4 3. e3 Nf6 4. Bxc4 e6 5. Nf3 c5 6. O-O a6 7. Bd3 Nc6 8. Nc3
Be7 9. a3 O-O 10. dxc5 Bxc5 11. Qc2 Qe7 12. Ne4 Nxe4 13. Bxe4 h6 14. Rd1 Rd8
15. Rxd8+ Nxd8 16. b4 Bd6 17. Bb2 Bd7 18. Qc3 f6 19. Bc2 Bc6 20. Nd4 Be8 21.
Qd3 f5 22. Rd1 Bc7 23. h3 Bg6 24. f4 Kh7 25. Kh1 Nf7 26. Qc3 Rg8 27. Qc4 Nd8
28. Nb3 e5 29. Nc5 exf4 30. exf4 b5 31. Qc3 Bd6 32. Nd3 Nf7 33. Bb3 Qc7 34. Qd4
Bh5 35. Rc1 Qb8 36. Rc6 Bf8 37. Ne5 Kh8 38. Nxf7+ 1-0

[Event "IV Festival A"]
[Site "Montecatini Terme ITA"]
[Date "1995.07.??"]
[Round "1"]
[White "Nurkic, Sahbaz"]
[Black "De Vita, Igor"]
[Result "1-0"]
[WhiteElo "2420"]
[BlackElo "2140"]
[PlyCount "65"]
[EventDate "1995.07.29"]

1. e4 Nf6 2. e5 Nd5 3. c4 Nb6 4. c5 Nd5 5. Bc4 e6 6. Qg4 Nc6 7. Nf3 b6 8. d4
Ncb4 9. Na3 Bb7 10. O-O h5 11. Qg3 g6 12. Bg5 Be7 13. h4 Bxg5 14. Nxg5 Ne7 15.
Rac1 Nf5 16. Qf4 Bd5 17. Qd2 Bxc4 18. Rxc4 Nd5 19. g3 O-O 20. Nb5 c6 21. Nc3 b5
22. Nxd5 exd5 23. Rc3 Kg7 24. Re1 Qa5 25. a3 Qa4 26. b4 a5 27. Rf3 axb4 28.
Rxf5 gxf5 29. Qd3 f6 30. exf6+ Rxf6 31. Re7+ Kg8 32. Qe2 Qxa3 33. Rg7+ 1-0

[Event "IV Festival A"]
[Site "Montecatini Terme ITA"]
[Date "1995.07.??"]
[Round "1"]
[White "Pipitone, Antonio"]
[Black "Sarno, Spartaco"]
[Result "0-1"]
[WhiteElo "2125"]
[BlackElo "2405"]
[PlyCount "91"]
[EventDate "1995.07.29"]

1. e4 d6 2. d4 Nf6 3. Bd3 g6 4. Nf3 Bg7 5. h3 O-O 6. O-O Nc6 7. c3 e5 8. Re1 h6
9. Nbd2 Nh5 10. d5 Ne7 11. Nf1 Nf4 12. Bxf4 exf4 13. Qd2 g5 14. N1h2 Ng6 15.
Nd4 Ne5 16. Be2 Qf6 17. Ng4 Qg6 18. f3 h5 19. Nxe5 dxe5 20. Nb5 a6 21. Na3 g4
22. hxg4 hxg4 23. fxg4 Bf6 24. Qd3 Bh4 25. Nc4 Qf6 26. a4 b5 27. b4 bxc4 28.
Qxc4 Qb6+ 29. Qc5 Bxe1 30. Rxe1 a5 31. Qxb6 cxb6 32. Bb5 Bxg4 33. Bc6 axb4 34.
cxb4 Ra7 35. Ra1 Bd7 36. b5 Rb8 37. Kf2 Kf8 38. Kf3 Ke7 39. g3 fxg3 40. Kxg3
Rh8 41. Kf3 Rh3+ 42. Ke2 Rb3 43. Bxd7 Kxd7 44. Rf1 Rxa4 45. Rxf7+ Ke8 46. Rf2
0-1

[Event "IV Festival A"]
[Site "Montecatini Terme ITA"]
[Date "1995.07.??"]
[Round "1"]
[White "Ruggeri, Pietro"]
[Black "Dizdarevic, Emir"]
[Result "0-1"]
[WhiteElo "2180"]
[BlackElo "2500"]
[PlyCount "68"]
[EventDate "1995.07.29"]

1. e4 c6 2. Nc3 d5 3. Qf3 dxe4 4. Nxe4 Nd7 5. d4 Ngf6 6. Bd3 Nxe4 7. Qxe4 Nf6
8. Qe5 g6 9. Nf3 Bg4 10. h3 Bxf3 11. gxf3 Bg7 12. Be3 Nh5 13. Qc5 O-O 14. O-O-O
e6 15. h4 Re8 16. Be2 Bf8 17. Qc4 Bd6 18. Kb1 a5 19. Bg5 Be7 20. f4 Bxg5 21.
fxg5 Nf4 22. Bf3 a4 23. Rhe1 a3 24. b3 Nd5 25. Re5 Qa5 26. Bxd5 cxd5 27. Qd3
Rec8 28. c4 Qb4 29. Rc1 dxc4 30. Rxc4 Rxc4 31. Qxc4 Qd2 32. Qe2 Qxd4 33. Re4
Qd5 34. Re5 Qc6 0-1

[Event "IV Festival A"]
[Site "Montecatini Terme ITA"]
[Date "1995.07.??"]
[Round "1"]
[White "Sulava, Nenad"]
[Black "Bracaglia, Carlo"]
[Result "1-0"]
[WhiteElo "2390"]
[BlackElo "2115"]
[PlyCount "79"]
[EventDate "1995.07.29"]

1. d4 Nf6 2. c4 c5 3. d5 e6 4. Nc3 exd5 5. cxd5 d6 6. Nf3 g6 7. h3 a6 8. a4 Bg7
9. e4 O-O 10. Bd3 Re8 11. O-O Nbd7 12. Re1 Qc7 13. Bf4 Nh5 14. Bh2 Ne5 15. Be2
Nxf3+ 16. Bxf3 Nf6 17. e5 dxe5 18. d6 Qb6 19. Bxe5 Be6 20. Qd2 Rad8 21. a5 Qa7
22. Na4 Nd7 23. Bxg7 Kxg7 24. b4 c4 25. Nc5 Kg8 26. Qd4 b6 27. Nxe6 fxe6 28.
Bc6 Qb8 29. axb6 e5 30. Qxc4+ Kg7 31. Rxa6 Qxd6 32. Ra7 Re7 33. Qb5 Qd2 34. Qe2
Qxb4 35. Rxd7 Rexd7 36. Bxd7 Qxb6 37. Bg4 Qf6 38. Bf3 h5 39. Be4 Rd6 40. Qf3
1-0

[Event "IV Festival A"]
[Site "Montecatini Terme ITA"]
[Date "1995.07.??"]
[Round "1"]
[White "Valenti, Giuseppe"]
[Black "Piotti, Andrea"]
[Result "1-0"]
[WhiteElo "2220"]
[BlackElo "1908"]
[PlyCount "70"]
[EventDate "1995.07.29"]

1. e4 e5 2. Nf3 Nf6 3. Nxe5 d6 4. Nf3 Nxe4 5. d4 d5 6. Bd3 Bd6 7. O-O O-O 8. c4
c6 9. h3 Be6 10. Re1 f5 11. Qb3 Qc7 12. Nc3 Nxf2 13. Kxf2 Bg3+ 14. Kg1 Bxe1 15.
Nxe1 Nd7 16. cxd5 cxd5 17. Nxd5 Qd6 18. Bc4 Kh8 19. Bf4 Qc6 20. Ne3 Bxc4 21.
Nxc4 Qd5 22. Nf3 Rfe8 23. Nce5 Qxb3 24. axb3 Nf6 25. Kf1 Nd5 26. Bd2 a6 27. Rc1
Rac8 28. Rc4 h6 29. Nf7+ Kg8 30. Nd6 Rxc4 31. bxc4 Re6 32. Nxf5 Nb6 33. b3 Nd7
34. b4 Kf7 35. d5 Re4 1-0

[Event "IV Festival A"]
[Site "Montecatini Terme ITA"]
[Date "1995.07.??"]
[Round "1"]
[White "Van Voorthuijsen, Peewee"]
[Black "Negro, Roberto"]
[Result "1/2-1/2"]
[WhiteElo "2300"]
[BlackElo "2164"]
[PlyCount "113"]
[EventDate "1995.07.29"]

1. d4 Nc6 2. Nf3 d6 3. e4 Nf6 4. c3 Bg4 5. Be2 e5 6. O-O Be7 7. d5 Nb8 8. Ne1
Bc8 9. Qc2 Nbd7 10. c4 O-O 11. Nc3 a5 12. Rb1 Nc5 13. Be3 g6 14. f3 Nh5 15. a3
f5 16. b4 Nd7 17. Nd3 f4 18. Bf2 axb4 19. axb4 Ndf6 20. Rfc1 g5 21. Qd1 Ng7 22.
c5 h5 23. h3 Qe8 24. cxd6 cxd6 25. Bb6 g4 26. fxg4 hxg4 27. hxg4 Qg6 28. Nf2
Ra3 29. Ra1 Rxa1 30. Rxa1 Nd7 31. Ba7 Bh4 32. Nb5 Ne8 33. Rc1 Ng7 34. Rc4 Nf6
35. Nxd6 Bxf2+ 36. Bxf2 Bxg4 37. Bf3 Bxf3 38. Qxf3 Nxd5 39. Nc8 Qa6 40. Rc1 Nf6
41. Ne7+ Kf7 42. Nd5 Nge8 43. Nc7 Qd6 44. Qb3+ Kg6 45. Ne6 Rh8 46. Bc5 Qc6 47.
Re1 Nd7 48. Nd8 Qf6 49. Qe6 Qxe6 50. Nxe6 b6 51. Bf2 Nef6 52. Nc7 Rc8 53. Nd5
Nxd5 54. exd5 Rc4 55. g3 Rxb4 56. gxf4 Rxf4 57. Be3 1/2-1/2

[Event "IV Festival A"]
[Site "Montecatini Terme ITA"]
[Date "1995.07.??"]
[Round "1"]
[White "Ventura, Boris"]
[Black "Iotti, Pierluigi"]
[Result "0-1"]
[WhiteElo "2038"]
[BlackElo "2275"]
[PlyCount "70"]
[EventDate "1995.07.29"]

1. e4 e6 2. d4 d5 3. Nc3 Bb4 4. e5 Qd7 5. a3 Bxc3+ 6. bxc3 b6 7. Bd3 Ba6 8. f4
Bxd3 9. Qxd3 Nc6 10. Nf3 Nge7 11. O-O O-O 12. Ng5 Ng6 13. h4 Rfe8 14. f5 exf5
15. Rxf5 Nd8 16. h5 Nf8 17. h6 g6 18. Rf6 Nfe6 19. Qf3 c5 20. Be3 cxd4 21. cxd4
Nxg5 22. Bxg5 Ne6 23. Be3 Rac8 24. Rf1 Re7 25. Qf2 b5 26. a4 b4 27. a5 Rc4 28.
Qd2 Qa4 29. R6f2 Qxa5 30. Bg5 Rd7 31. Rxf7 Rxf7 32. Rxf7 Kxf7 33. Qf2+ Ke8 34.
Bh4 Qa1+ 35. Kh2 Qxd4 0-1

[Event "IV Festival A"]
[Site "Montecatini Terme ITA"]
[Date "1995.07.??"]
[Round "1"]
[White "Zavatta, Benedetta"]
[Black "Pieri, Filippo"]
[Result "0-1"]
[WhiteElo "1921"]
[BlackElo "2220"]
[PlyCount "40"]
[EventDate "1995.07.29"]

1. d4 Nf6 2. c4 c5 3. Nf3 cxd4 4. Nxd4 e5 5. Nb5 d5 6. cxd5 Bc5 7. N5c3 O-O 8.
e3 Qe7 9. Be2 e4 10. O-O Rd8 11. Nd2 Bf5 12. Qa4 Nbd7 13. Nc4 Ne5 14. d6 Bxd6
15. Nxd6 Rxd6 16. b3 Nfg4 17. Ba3 Qh4 18. h3 Rg6 19. Bxg4 Bxg4 20. hxg4 Nxg4
0-1

[Event "IV Festival A"]
[Site "Montecatini Terme ITA"]
[Date "1995.07.??"]
[Round "2"]
[White "De Santis, Alessio"]
[Black "Zlochevskij, Alexander"]
[Result "1/2-1/2"]
[WhiteElo "2260"]
[BlackElo "2465"]
[PlyCount "83"]
[EventDate "1995.07.29"]

1. d4 c5 2. e3 g6 3. Nf3 Bg7 4. Be2 d6 5. Nbd2 b6 6. c3 Bb7 7. b4 cxb4 8. cxb4
Nf6 9. Bb2 O-O 10. O-O Nbd7 11. Rc1 Nd5 12. Qb3 N7f6 13. Rfe1 Qd7 14. e4 Nf4
15. Bf1 Bh6 16. h3 Rac8 17. Rxc8 Rxc8 18. b5 d5 19. Ne5 Qe6 20. exd5 Qxd5 21.
Qxd5 Bxd5 22. Ndc4 Bf8 23. a4 e6 24. Rc1 Rc7 25. g3 N6h5 26. a5 bxa5 27. Nxa5
Bd6 28. Rxc7 Bxc7 29. Nac6 Bb6 30. g4 Nf6 31. Ba3 Ne4 32. f3 Nc3 33. Bc5 Na4
34. Nd7 Bxf3 35. Nxa7 Nxc5 36. dxc5 Bxa7 37. b6 Bxb6 38. cxb6 Bc6 39. Nc5 Nd5
40. b7 Bxb7 41. Nxb7 Kg7 42. Kf2 1/2-1/2

[Event "IV Festival A"]
[Site "Montecatini Terme ITA"]
[Date "1995.07.??"]
[Round "2"]
[White "Iotti, Pierluigi"]
[Black "Zelcic, Robert"]
[Result "0-1"]
[WhiteElo "2275"]
[BlackElo "2500"]
[PlyCount "56"]
[EventDate "1995.07.29"]

1. d4 Nf6 2. Nf3 c5 3. c4 cxd4 4. Nxd4 e5 5. Nc2 b5 6. Nc3 bxc4 7. e4 Bb7 8.
Bxc4 Nxe4 9. Qf3 Nd6 10. Bxf7+ Nxf7 11. Qxb7 Nc6 12. O-O Bc5 13. Qb5 Bb6 14.
Be3 Rb8 15. Qc4 O-O 16. b3 Rc8 17. Qd3 d5 18. Nxd5 Nd4 19. Ncb4 Bc5 20. Qa6 Re8
21. Bxd4 Bxd4 22. Rac1 Rxc1 23. Rxc1 Qh4 24. Rc2 Ng5 25. Qb5 Rf8 26. Ne7+ Kh8
27. Nf5 Qg4 28. Nxd4 Nh3+ 0-1

[Event "IV Festival A"]
[Site "Montecatini Terme ITA"]
[Date "1995.07.??"]
[Round "2"]
[White "Niermann, Michael"]
[Black "Malaniuk, Vladimir P."]
[Result "1/2-1/2"]
[WhiteElo "2285"]
[BlackElo "2580"]
[PlyCount "67"]
[EventDate "1995.07.29"]

1. Nf3 f5 2. g3 Nf6 3. Bg2 d6 4. d4 g6 5. O-O Bg7 6. Nc3 O-O 7. Qd3 d5 8. Ne5
b6 9. Nxd5 Nxd5 10. c4 e6 11. cxd5 exd5 12. Bg5 Bf6 13. Bxf6 Rxf6 14. Rfc1 Bb7
15. Qb3 Kg7 16. Rc3 c6 17. Rac1 a5 18. a4 Ra7 19. Bxd5 Qxd5 20. Qxd5 cxd5 21.
Rc7+ Kg8 22. Nd7 Nxd7 23. Rxd7 Rf7 24. Rxf7 Kxf7 25. Rc7+ Ke8 26. Rxh7 Kd8 27.
Rg7 Kc8 28. h4 Ra8 29. Rxg6 Kc7 30. Rg7+ Kc6 31. Rg6+ Kd7 32. Rg7+ Kc6 33. Rg6+
Kc7 34. Rg7+ 1/2-1/2

[Event "IV Festival A"]
[Site "Montecatini Terme ITA"]
[Date "1995.07.??"]
[Round "3"]
[White "Borgo, Giulio"]
[Black "De Santis, Alessio"]
[Result "1-0"]
[WhiteElo "2345"]
[BlackElo "2260"]
[PlyCount "111"]
[EventDate "1995.07.29"]

1. e4 d6 2. d4 Nf6 3. Nc3 c6 4. f4 Qa5 5. e5 Ne4 6. Qf3 d5 7. Bd3 Na6 8. Nge2
g6 9. O-O Nxc3 10. bxc3 e6 11. a4 h5 12. Ba3 Bxa3 13. Rxa3 b5 14. f5 exf5 15.
Nf4 b4 16. Rb3 bxc3 17. e6 Bxe6 18. Nxe6 fxe6 19. Bxa6 Qxa6 20. Qg3 Rg8 21. Qc7
Qxa4 22. Rfb1 Qxd4+ 23. Kh1 Qb6 24. Rxb6 axb6 25. Qxc6+ Kf7 26. Qc7+ Kf8 27.
Qxc3 Kf7 28. Rxb6 Rae8 29. Rb7+ Re7 30. Rxe7+ Kxe7 31. h4 Kf7 32. Qc7+ Kf6 33.
Qc3+ Kf7 34. Qc7+ Kf6 35. Kg1 Ra8 36. Kf2 Ra2 37. Qc3+ Kf7 38. Qc7+ Kf6 39.
Qc3+ Kf7 40. Qb3 Ra7 41. Ke3 Rc7 42. Kf4 Rc4+ 43. Ke5 Re4+ 44. Kd6 g5 45. g3
gxh4 46. gxh4 Rxh4 47. Qb7+ Kg6 48. Kxe6 Re4+ 49. Kxd5 h4 50. c4 h3 51. Qb3 Rh4
52. Qg3+ Kh5 53. Ke5 Rxc4 54. Qxh3+ Rh4 55. Qxf5+ Kh6 56. Kf6 1-0

[Event "IV Festival A"]
[Site "Montecatini Terme ITA"]
[Date "1995.07.??"]
[Round "3"]
[White "Drazic, Sinisa"]
[Black "Efimov, Igor"]
[Result "1-0"]
[WhiteElo "2405"]
[BlackElo "2450"]
[PlyCount "149"]
[EventDate "1995.07.29"]

1. d4 Nf6 2. c4 e6 3. Nc3 Bb4 4. e3 O-O 5. Nge2 d5 6. a3 Be7 7. Nf4 c6 8. b3
Nbd7 9. Bb2 dxc4 10. Bxc4 e5 11. Nfe2 Bd6 12. Qc2 Re8 13. O-O-O Qe7 14. a4 Nb6
15. dxe5 Bxe5 16. Bd3 Nbd5 17. Nxd5 Nxd5 18. Bxh7+ Kh8 19. Bxe5 Qxe5 20. Rd4
Qf6 21. Be4 Qxf2 22. Bxd5 cxd5 23. Nc3 Qxe3+ 24. Qd2 Bf5 25. Qxe3 Rxe3 26. Kd2
Re5 27. Rf1 Be6 28. Re1 Rf5 29. Nb5 Rf2+ 30. Re2 Rxe2+ 31. Kxe2 a6 32. Rh4+ Kg8
33. Nd4 Rc8 34. Kd2 Rc7 35. Rf4 Bc8 36. Rf3 f6 37. a5 Kf7 38. Rc3 Rxc3 39. Kxc3
Ke7 40. b4 Kd6 41. Kd3 Bg4 42. h3 Bd7 43. h4 Bg4 44. Ke3 Ke5 45. g3 Bd1 46. Kd3
Bh5 47. Ke3 Bg4 48. Kd3 Bh3 49. Ke3 Bg2 50. Kd3 Be4+ 51. Ke3 Bg6 52. Nb3 Be4
53. Nd4 Bh1 54. Nb3 Kf5 55. Kd4 Ke6 56. Nc5+ Kd6 57. Nxb7+ Kc6 58. Nc5 Kb5 59.
Ne6 g6 60. Kc3 Be4 61. Nc7+ Kc6 62. Nxa6 Bf5 63. Nc5 Kb5 64. Kd4 Bg4 65. Nb7
Be2 66. Nc5 Bg4 67. Nb3 Bc8 68. Kc3 Bg4 69. Nd4+ Ka6 70. Kd3 Bd7 71. Ke3 Bg4
72. Kf4 Bd1 73. g4 Kb7 74. g5 fxg5+ 75. hxg5 1-0

[Event "IV Festival A"]
[Site "Montecatini Terme ITA"]
[Date "1995.07.??"]
[Round "3"]
[White "Malaniuk, Vladimir P."]
[Black "Pastorini, Mario"]
[Result "1-0"]
[WhiteElo "2580"]
[BlackElo "2210"]
[PlyCount "49"]
[EventDate "1995.07.29"]

1. d4 Nf6 2. c4 e5 3. dxe5 Ng4 4. e3 Nxe5 5. Nh3 Bb4+ 6. Bd2 Bxd2+ 7. Qxd2 Ng6
8. g3 d6 9. Bg2 Nc6 10. O-O Nce5 11. f4 Ng4 12. Nc3 O-O 13. Ng5 Rb8 14. Nf3 Re8
15. Rfe1 Nf6 16. e4 b6 17. Nd4 Bb7 18. Rad1 Nd7 19. e5 Bxg2 20. Qxg2 Ne7 21.
Nd5 Rc8 22. e6 Nf6 23. exf7+ Kxf7 24. Rxe7+ Rxe7 25. Nc6 1-0

[Event "IV Festival A"]
[Site "Montecatini Terme ITA"]
[Date "1995.07.??"]
[Round "3"]
[White "Pantaleoni, Claudio"]
[Black "Bellin, Robert Cecil"]
[Result "1/2-1/2"]
[WhiteElo "2230"]
[BlackElo "2405"]
[PlyCount "46"]
[EventDate "1995.07.29"]

1. d4 Nf6 2. Nf3 e6 3. c4 Bb4+ 4. Bd2 c5 5. Bxb4 cxb4 6. g3 b6 7. Bg2 Bb7 8.
O-O O-O 9. Qb3 Qe7 10. Nbd2 d5 11. a3 Nc6 12. Rfc1 Rfc8 13. e3 a5 14. Ne5 Nxe5
15. dxe5 Nd7 16. axb4 Qxb4 17. Qxb4 axb4 18. f4 Nc5 19. cxd5 exd5 20. Bh3 Rxa1
21. Rxa1 Ra8 22. Rxa8+ Bxa8 23. Nf3 Bb7 1/2-1/2

[Event "IV Festival A"]
[Site "Montecatini Terme ITA"]
[Date "1995.07.??"]
[Round "3"]
[White "Sulava, Nenad"]
[Black "Tiviakov, Sergei"]
[Result "1-0"]
[WhiteElo "2390"]
[BlackElo "2655"]
[PlyCount "93"]
[EventDate "1995.07.29"]

1. Nf3 Nf6 2. g3 b6 3. Bg2 Bb7 4. O-O e6 5. c4 Be7 6. Nc3 O-O 7. d4 Na6 8. Bg5
c5 9. d5 exd5 10. cxd5 d6 11. Nh4 Qd7 12. Qd2 b5 13. e4 b4 14. Nd1 Bd8 15. Nf5
g6 16. Bh3 Qc7 17. Nh6+ Kg7 18. f3 Bc8 19. Bxc8 Rxc8 20. Ne3 Nd7 21. Bf4 Ne5
22. Bxe5+ dxe5 23. Nc4 Nb8 24. Ng4 Nd7 25. Qh6+ Kg8 26. h4 Nb6 27. d6 Qd7 28.
Ncxe5 Qxd6 29. Rad1 Qe7 30. Rfe1 f6 31. Nd3 c4 32. Nf4 c3 33. bxc3 bxc3 34. e5
fxe5 35. Nxe5 c2 36. Rc1 Qf6 37. Kg2 Bc7 38. Ng4 Qf7 39. Re2 Nd5 40. Rexc2
Nxf4+ 41. gxf4 Qe7 42. Qg5 Qd7 43. Nh6+ Kg7 44. Rxc7 Rxc7 45. Qe5+ Kxh6 46.
Rxc7 Qd2+ 47. Kh3 1-0

[Event "IV Festival A"]
[Site "Montecatini Terme ITA"]
[Date "1995.07.??"]
[Round "3"]
[White "Zelcic, Robert"]
[Black "Belotti, Bruno"]
[Result "1-0"]
[WhiteElo "2500"]
[BlackElo "2380"]
[PlyCount "81"]
[EventDate "1995.07.29"]

1. e4 c5 2. Nf3 d6 3. d4 cxd4 4. Nxd4 Nf6 5. Nc3 Nc6 6. Be2 g6 7. Nb3 Bg7 8.
O-O O-O 9. Bg5 Be6 10. Kh1 a5 11. a4 Rc8 12. f4 Nb4 13. Nd4 Bc4 14. Ndb5 Bxe2
15. Qxe2 Qd7 16. e5 dxe5 17. fxe5 Ng4 18. Rad1 Qe6 19. Nd4 Qxe5 20. Qxg4 Rc4
21. Ncb5 Nxc2 22. Bf4 Qe4 23. Nc3 Ne3 24. Qe2 Qxg2+ 25. Qxg2 Nxg2 26. Kxg2 Bxd4
27. Bh6 Rfc8 28. Nd5 Bc5 29. Rfe1 Rh4 30. Rc1 Rc6 31. Bf4 Kf8 32. b3 f6 33.
Red1 Kf7 34. Kf3 e5 35. Bg3 Rh5 36. Ne3 e4+ 37. Ke2 f5 38. Rd7+ Ke6 39. Rxb7
Rb6 40. Rxb6+ Bxb6 41. Rc6+ 1-0

[Event "IV Festival A"]
[Site "Montecatini Terme ITA"]
[Date "1995.07.??"]
[Round "4"]
[White "Drazic, Sinisa"]
[Black "Zelcic, Robert"]
[Result "1/2-1/2"]
[WhiteElo "2405"]
[BlackElo "2500"]
[PlyCount "110"]
[EventDate "1995.07.29"]

1. e4 Nf6 2. e5 Nd5 3. d4 d6 4. Nf3 c6 5. h3 dxe5 6. Nxe5 g6 7. Nd2 Bg7 8. Ndf3
O-O 9. Bd3 c5 10. c3 cxd4 11. cxd4 Nb4 12. Be4 N8c6 13. a3 Nxe5 14. Nxe5 Nc6
15. Nxc6 bxc6 16. Be3 Rb8 17. O-O Rxb2 18. Bxc6 Bb7 19. Qa4 Bxc6 20. Qxc6 Qa8
21. Rfc1 Qxc6 22. Rxc6 f5 23. g3 g5 24. Rd1 f4 25. Bc1 Rb1 26. gxf4 gxf4 27.
Rd3 f3 28. Kh2 e5 29. Kg3 e4 30. Re3 Re8 31. Kf4 Rb6 32. Rxb6 axb6 33. Kf5 Bxd4
34. Rxe4 Rf8+ 35. Kg4 Bxf2 36. Bh6 Rd8 37. Kxf3 Bc5 38. a4 Rd3+ 39. Kg4 Kf7 40.
h4 Kg6 41. Re6+ Kf7 42. Re4 Rd6 43. Bg5 Rd4 44. Rxd4 Bxd4 45. Kf5 h5 46. Bd8
Ke8 47. Bf6 Bf2 48. Ke6 Bg3 49. Be7 Bf2 50. Bg5 Bg3 51. Bf6 Bf4 52. Bd4 Kd8 53.
Bxb6+ Kc8 54. Bf2 Bc7 55. Kd5 Kb7 1/2-1/2

[Event "IV Festival A"]
[Site "Montecatini Terme ITA"]
[Date "1995.07.??"]
[Round "4"]
[White "Ferretti, Folco"]
[Black "Malaniuk, Vladimir P."]
[Result "0-1"]
[WhiteElo "2270"]
[BlackElo "2580"]
[PlyCount "78"]
[EventDate "1995.07.29"]

1. e4 e5 2. Nf3 Nc6 3. Bc4 Nf6 4. d3 h6 5. c3 d6 6. O-O g6 7. Re1 Bg7 8. Nbd2
O-O 9. Nf1 a6 10. Bb3 Re8 11. Ng3 Na5 12. Bc2 c5 13. Be3 Qc7 14. h3 d5 15. Nh2
Be6 16. Qc1 Kh7 17. f4 d4 18. fxe5 Nd7 19. cxd4 cxd4 20. Bxd4 Rac8 21. Ba4 b5
22. Qxc7 Rxc7 23. Bd1 Nc6 24. Ne2 Ndxe5 25. Bxe5 Bxe5 26. Nf3 Bxb2 27. Rb1 Bg7
28. Bb3 Bxb3 29. Rxb3 f5 30. exf5 gxf5 31. Kf1 Rce7 32. Rb2 b4 33. Ng3 Bc3 34.
Nxf5 Rxe1+ 35. Nxe1 Rf8 36. g4 Nd4 37. Ng2 Nxf5 38. gxf5 Rxf5+ 39. Kg1 Ra5 0-1

[Event "IV Festival A"]
[Site "Montecatini Terme ITA"]
[Date "1995.07.??"]
[Round "4"]
[White "Nannelli, Paolo"]
[Black "Leoncini, Mario"]
[Result "1/2-1/2"]
[WhiteElo "2280"]
[BlackElo "2200"]
[PlyCount "28"]
[EventDate "1995.07.29"]

1. d4 d5 2. c4 e6 3. Nc3 Be7 4. Nf3 Nf6 5. Bg5 O-O 6. e3 h6 7. Bxf6 Bxf6 8. Rc1
c6 9. Bd3 Nd7 10. O-O dxc4 11. Bxc4 e5 12. h3 exd4 13. exd4 Nb6 14. Bb3 Bf5
1/2-1/2

[Event "IV Festival A"]
[Site "Montecatini Terme ITA"]
[Date "1995.07.??"]
[Round "4"]
[White "Palac, Mladen"]
[Black "Sulava, Nenad"]
[Result "0-1"]
[WhiteElo "2515"]
[BlackElo "2390"]
[PlyCount "82"]
[EventDate "1995.07.29"]

1. e4 c5 2. Nf3 h6 3. c3 g5 4. d4 cxd4 5. cxd4 d5 6. exd5 Nf6 7. Nc3 Bg7 8. h4
g4 9. Ne5 a6 10. Be2 h5 11. O-O Nbd7 12. Bg5 Nb6 13. Qb3 O-O 14. Rfe1 Nh7 15.
Bxe7 Qxe7 16. Qxb6 Qxh4 17. g3 Qd8 18. Qxd8 Rxd8 19. Bf1 Ng5 20. Bg2 Bf5 21.
Ne2 Rd6 22. Nf4 Rh6 23. Rac1 h4 24. gxh4 Rxh4 25. d6 Nf3+ 26. Bxf3 gxf3 27. Nd5
Kh7 28. Ne7 Be6 29. Nxf3 Rg4+ 30. Kf1 Rd8 31. d5 Bd7 32. Re3 Bh6 33. Rc7 Bb5+
34. Ke1 Bxe3 35. fxe3 Rxd6 36. Rxb7 Rg2 37. a4 Rh6 38. Ng5+ Rxg5 39. axb5 Rg2
40. Kf1 Rxb2 41. bxa6 Rh1# 0-1

[Event "IV Festival A"]
[Site "Montecatini Terme ITA"]
[Date "1995.07.??"]
[Round "5"]
[White "Anceschi, Vittorio"]
[Black "Efimov, Igor"]
[Result "1/2-1/2"]
[WhiteElo "2280"]
[BlackElo "2450"]
[PlyCount "97"]
[EventDate "1995.07.29"]

1. e4 c5 2. Nc3 e6 3. g3 Nc6 4. Bg2 Nf6 5. d3 Be7 6. Nh3 Rb8 7. O-O b5 8. Re1
b4 9. Nd5 d6 10. Nxe7 Qxe7 11. Nf4 O-O 12. Bd2 Qd8 13. a3 a5 14. axb4 axb4 15.
h3 Bd7 16. Be3 e5 17. Ne2 Qc8 18. Kh2 Ne8 19. f4 Nc7 20. fxe5 Nxe5 21. d4 Nc4
22. Bc1 Nb5 23. b3 Nb6 24. Bb2 c4 25. Nf4 Ra8 26. Rxa8 Qxa8 27. bxc4 Nxc4 28.
Ba1 Qa3 29. Nd5 Be6 30. Qh5 Bxd5 31. Qxd5 Ne3 32. Rxe3 Qxe3 33. Qxb5 Qc1 34.
Qxb4 Qxa1 35. Qxd6 Qc3 36. d5 Qxc2 37. Qe7 Rb8 38. d6 h5 39. e5 Rb2 40. Qd8+
Kh7 41. Qa8 Qd3 42. h4 Rd2 43. Qb7 Qf5 44. Qb4 Qf2 45. Qe4+ g6 46. Kh3 Kg7 47.
Qf3 Qxf3 48. Bxf3 Kf8 49. g4 1/2-1/2

[Event "IV Festival A"]
[Site "Montecatini Terme ITA"]
[Date "1995.07.??"]
[Round "5"]
[White "Belotti, Bruno"]
[Black "Valenti, Giuseppe"]
[Result "1-0"]
[WhiteElo "2380"]
[BlackElo "2220"]
[PlyCount "97"]
[EventDate "1995.07.29"]

1. e4 c5 2. Nf3 e6 3. d3 Nc6 4. g3 g6 5. Bg2 Bg7 6. O-O Nge7 7. Re1 O-O 8. h4
Nd4 9. Nbd2 Nec6 10. c3 Nxf3+ 11. Nxf3 d6 12. Bg5 f6 13. Be3 Ne5 14. Nxe5 fxe5
15. d4 Qe7 16. dxc5 dxc5 17. Qb3 b6 18. Red1 Bb7 19. Rd2 Rad8 20. Rad1 Bc8 21.
Qa4 Rxd2 22. Rxd2 Bf6 23. Bh3 Kf7 24. a3 Qc7 25. b4 Rd8 26. Rxd8 Bxd8 27. bxc5
bxc5 28. Bf1 Be7 29. Bb5 Qb6 30. Be8+ Kg7 31. h5 Qd8 32. Kh2 g5 33. Bb5 Qc7 34.
Bc4 Bd7 35. Qd1 Qd8 36. Qg4 Qg8 37. Bxg5 Kh8 38. Qd1 Qxg5 39. Qxd7 Qxh5+ 40.
Kg2 Qg5 41. Qxa7 Bd6 42. a4 Qe7 43. Qxe7 Bxe7 44. a5 Bd8 45. a6 Bb6 46. Bxe6
Kg7 47. f4 Kf6 48. Bf5 h6 49. c4 1-0

[Event "IV Festival A"]
[Site "Montecatini Terme ITA"]
[Date "1995.07.??"]
[Round "5"]
[White "Drasko, Milan"]
[Black "Drazic, Sinisa"]
[Result "1/2-1/2"]
[WhiteElo "2505"]
[BlackElo "2405"]
[PlyCount "101"]
[EventDate "1995.07.29"]

1. d4 d5 2. c4 dxc4 3. Nf3 Nf6 4. e3 g6 5. Bxc4 Bg7 6. O-O O-O 7. Nc3 Nfd7 8.
e4 Nb6 9. Be2 Bg4 10. d5 c6 11. h3 Bxf3 12. Bxf3 cxd5 13. exd5 Nc4 14. Qb3 Nd6
15. Ne4 Nd7 16. Nxd6 exd6 17. Qxb7 Nc5 18. Qb4 Rb8 19. Qa3 Rb6 20. Rb1 Ra6 21.
Qb4 Rxa2 22. Be3 Qc7 23. Qb5 Qb8 24. Qxb8 Rxb8 25. b4 Nd3 26. b5 Ne5 27. Rfc1
h5 28. Bd1 Rb7 29. g4 h4 30. Kf1 Nd3 31. Rc8+ Kh7 32. Be2 Ra3 33. g5 Be5 34.
Bxd3 Rxd3 35. Rb4 f5 36. Ra8 f4 37. Bxf4 Rd1+ 38. Ke2 Rxd5 39. Be3 Rdxb5 40.
Rxh4+ Kg7 41. Ra4 Kf7 42. f4 Bb2 43. Ra6 Ke6 44. Re8+ Re7 45. Rxe7+ Kxe7 46. h4
Ke6 47. Bxa7 Bc1 48. Kf3 Kf5 49. Rxd6 Rb3+ 50. Ke2 Bxf4 51. Rf6+ 1/2-1/2